| 000 | 00388nam a22001457a 4500 | ||
|---|---|---|---|
| 020 | _a9789697542000 | ||
| 082 |
_a297.72 _bSID |
||
| 100 | _aSiddiqui, Umair Mehmood | ||
| 245 |
_aGhazvah-i-Hind/ _cUmair Mehmood Siddiqui, |
||
| 260 |
_aKarachi: _bSeerat encyclopaedia project; _c2019. |
||
| 300 | _a112p. | ||
| 563 | _aPB | ||
| 650 |
_aIslam _aHoly war _9120719 |
||
| 942 |
_2ddc _cBK |
||
| 999 |
_c607834 _d607834 |
||